| 000 | 01622nam a2200229Ia 4500 | ||
|---|---|---|---|
| 999 |
_c34425 _d34425 |
||
| 001 | 162 | ||
| 003 | GE_BSU | ||
| 005 | 20190502170407.0 | ||
| 008 | 181216s2009||||ge |||||||||||||| ||geo|| | ||
| 020 | _a9789941401435 | ||
| 040 | _cGE_BSU | ||
| 080 | _a821.14'01-2 + 821.14'01-32 + 821.14'01-1 ა–70 | ||
| 245 |
_aანტიკური ლიტერატურის ანთოლოგია : _bწ. 3. რომაული ლიტერატურა (ძვ.წ.V ს.– ახ.წ.V ს.) [რომი.] / _cშემდგ : ეკატერინე კობახიძე ; [ივ. ჯავახიშვილის სახ. თბილ. სახელმწ. უნ-ტი ; კლასიკური ფილოლოგიის, ბიზანტინისტიკისა და ნეოგრეცისტიკის ინ-ტი.] |
||
| 260 | _aთბილისი | ||
| 264 |
_aთბილისი : _bლოგოსი, _c2009. |
||
| 300 | _a647 გვ. | ||
| 653 | _aანტიკური ლიტერატურა | ||
| 653 | _aრომაული ლიტერატურა | ||
| 700 |
_aკობახიძე, ეკატერინე _eშემდგენელი _9666 |
||
| 710 |
_aივ. ჯავახიშვილის სახ. თბილ. სახელმწ. უნ-ტი _bკლასიკური ფილოლოგიის, ბიზანტინისტიკისა და ნეოგრეცისტიკის ინ-ტი. _eორგანიზაცია _9662 |
||
| 942 |
_cBK _2udc |
||